000 00521nam a2200205Ia 4500
008 170918s9999 xx 000 0 und d
020 _a9780439660433
050 _bS116 2006
100 _aSabin, Helen
245 _aHelen Keller :
245 _bgirl of courage /
245 _cHelen Sabin and Joanne Mattern ; illustrated by Jean Meyer.
260 _aNew York :
260 _bScholastic,
260 _c2006
300 _a56 pages :
300 _bcolored illustration ;
300 _c19cm.
500 _a730
999 _c342053
_d342053